| 000 | 00709nam a2200205 i 4500 | ||
|---|---|---|---|
| 001 | 21297 | ||
| 003 | ES-MaACL | ||
| 005 | 20231111062523.0 | ||
| 007 | t| | ||
| 008 | 021122s1968 sp |||| | spa d | ||
| 100 | 1 |
_aAdams, Nicholson B. _918398 |
|
| 245 | 1 | 0 |
_aBreve panorama de la literatura española / _cpor Nicholson B. Adams y John E. Keller ; traducción de Antonio Llorente Maldonado de Guevara. |
| 260 |
_aMadrid : _bCastalia, _c1968. |
||
| 300 |
_a5 h., 259 p. ; _c20 cm. |
||
| 650 | 4 |
_aLiteratura española- _xHistoria y crítica _914560 |
|
| 700 | 1 |
_aKeller, John E. _967768 |
|
| 700 | 1 |
_aLlorente Maldonado de Guevara, Antonio. _972913 |
|
| 852 |
_aES-MaACL _jL-6153 |
||
| 999 |
_c21297 _d21297 |
||